000 00294nam a2200121Ia 4500
008 190216s9999||||xx |||||||||||||| ||und||
100 _aArjun Satpathy
245 0 _aHindi- Patati Hui Khai
260 _bSabnam Pusthaka Mahal
_c1997
300 _a104
650 _aHindi Literature
942 _cBK
999 _c16103
_d16103